MLB Word Ladder - Statistics

General Stats
  • This quiz has been taken 59 times
  • The average score is 8 of 21
Answer Stats
Hint Answer % Correct
A point in baseball Run
88%
Sacrifice Bunt
77%
Yankees shortstop Jeter
60%
Longball Homer
48%
Take a base Steal
48%
Grown up Cubbie Bear
46%
Bleachers Seat
42%
Former team Boston ___Eaters Bean
38%
Fastball Heater
38%
Pedro Martinez in English Peter
35%
Waved him home Sent
35%
Forced out of shape Bent
33%
A trade or a contract Deal
33%
Dizzy and Daffy Dean
33%
Opposite of a fan Hater
29%
Heckle Jeer
29%
Concesion Beer
27%
Tool, or to hit a ball very hard Hammer
25%
Giants mascot Lou Seal
25%
Hit by pitch Beam
13%
Reds Player before Votto Dunn
13%
No matching quizzes found
Score Distribution
Percent of People with Each Score
Percentile by Number Answered
Your Score History
You have not taken this quiz